[Event "Cup Croatia"]
[Site "masterchessopen.com - Pula (Croatia)"]
[Round "0"]
[White "Drcelic Josip (CRO)"]
[Black "Gnjezdur Vladimir (CRO)"]
[Result "1-0"]
[WhiteElo "2226"]
[BlackElo "2149"]

1.d4 g6 2.Nf3 f5 3.g3 Bg7 4.Bg2 Nf6 5.O-O O-O 6.c4 d6 7.Nc3 Nc6 8.b3 e5 9.dxe5
dxe5 10.Ba3 Re8 11.Qxd8 Rxd8 12.Rad1 Be6 13.Ng5 Bf7 14.Nb5 Ne8 15.Nxf7 Kxf7
16.Bd5+ Kf6 17.f4 a6 18.Nc3 Nd6 19.fxe5+ Nxe5 20.Bxd6 cxd6 21.Bxb7 Ra7 22.Bg2
Ke6 23.e4 Rf8 24.exf5+ gxf5 25.Nd5 Nd7 26.Bh3 Nc5 27.Ne3 Raf7 28.Nxf5 Be5
29.Nxd6+ {#r} 1-0

[Event "It (open) \"]
[Site "masterchessopen.com - Spain"]
[Round "4"]
[White "Garcia Olivier (FRA)"]
[Black "Castelltort Fernandez A (ESP)"]
[Result "1-0"]
[WhiteElo "2269"]
[BlackElo "2276"]

1.d4 f5 2.c4 Nf6 3.g3 g6 4.Bg2 Bg7 5.Nc3 d6 6.Nf3 O-O 7.O-O Nc6 8.d5 Ne5
9.Nxe5 dxe5 10.e4 f4 11.b4 g5 12.Re1 a6 13.a4 Qe8 14.Ba3 Ng4 15.f3 Qh5 16.h3
Nf2 17.Kxf2 fxg3+ 18.Ke3 Bh6 19.Kd3 c6 20.b5 axb5 21.axb5 Bxh3 22.Rh1 g4
23.fxg4 Qg5 24.Bxh3 Qe3+ 25.Kc2 Rf2+ 26.Kb3 cxb5 27.cxb5 Rc8 28.Bb4 Rd2 29.Qf1
Rf8 30.Qc4 Rd4 31.Qe2 Rxb4+ 32.Kxb4 Qf4 {#r} 1-0

[Event "It \"]
[Site "masterchessopen.com - USA"]
[Round "1"]
[White "Shapiro Daniel E (USA)"]
[Black "Shaw Alan (USA)"]
[Result "1-0"]
[WhiteElo "2255"]
[BlackElo "2186"]

1.d4 f5 2.c4 Nf6 3.g3 g6 4.Bg2 Bg7 5.Nf3 O-O 6.Nc3 d6 7.O-O Nc6 8.d5 Ne5
9.Nxe5 dxe5 10.e4 f4 11.c5 g5 12.b4 g4 13.Re1 f3 14.Bf1 a6 15.a4 Qe8 16.b5 Qh5
17.Rb1 h6 18.Be3 Nh7 19.b6 cxb6 20.Rxb6 Bf6 21.d6 exd6 22.cxd6 Bg5 23.Qd5+ Kh8
24.Qxe5+ Nf6 25.Nd5 Bxe3 26.Qxh5 Bxf2+ 27.Kxf2 Nxh5 28.d7 {#r} 1-0

[Event "It (open)"]
[Site "masterchessopen.com - Vendrell (Spain)"]
[Round "6"]
[White "Roeder Mathias (GER)"]
[Black "Baches Garcia Guillermo (ESP)"]
[Result "1-0"]
[WhiteElo "2435"]
[BlackElo "2255"]

1.d4 f5 2.g3 Nf6 3.c4 g6 4.Bg2 Bg7 5.Nf3 O-O 6.Nc3 d6 7.O-O Nc6 8.d5 Ne5
9.Nxe5 dxe5 10.Qb3 h6 11.Rd1 Kh8 12.Bd2 a6 13.Be1 g5 14.c5 Qe8 15.d6 c6 16.Na4
e6 17.Nb6 Rb8 18.e4 f4 19.g4 Nd7 20.Nxd7 Bxd7 21.Ba5 f3 22.Bxf3 Rxf3 23.Qxf3
Qg6 24.Qe2 Rf8 25.Kg2 Rf4 26.f3 h5 27.h3 {#r} 1-0

[Event "It (open)"]
[Site "masterchessopen.com - Veszprem (Hungary)"]
[Round "6"]
[White "Kovacs Elod (HUN)"]
[Black "Mozes Ervin (ROM)"]
[Result "0-1"]
[WhiteElo "2236"]
[BlackElo "2405"]

1.d4 f5 2.c4 g6 3.Nf3 Bg7 4.g3 Nf6 5.Bg2 O-O 6.Nc3 Nc6 7.O-O d6 8.d5 Na5 9.Qa4
c5 10.dxc6 Nxc6 11.Rd1 Bd7 12.c5 dxc5 13.Qc4+ Kh8 14.Ng5 Qe8 15.Be3 h6 16.Qh4
Nh5 17.Nh3 Nd4 18.Nf4 Bf6 19.Qh3 e5 20.Nxh5 gxh5 21.f4 e4 22.Nd5 Nxe2+ 23.Kf2
Bxb2 24.Kxe2 Bxa1 25.Rxa1 Qf7 26.Rd1 Ba4 27.Rd2 Rfd8 28.Nc7 Rxd2+ 29.Bxd2 Rd8
30.Bxe4 Qc4+ {#R} 0-1

[Event "Ch ESSNA (w)"]
[Site "masterchessopen.com - Athens (Greece)"]
[Round "5"]
[White "Garneli Evagelia"]
[Black "Imenaiou P"]
[Result "1-0"]
[WhiteElo "1820"]
[BlackElo "1630"]

1.d4 f5 2.Nf3 Nf6 3.g3 g6 4.Bg2 Bg7 5.c4 d6 6.Nc3 O-O 7.O-O Nc6 8.Rb1 h6 9.b4
e6 10.d5 Ne7 11.Nd4 e5 12.Ne6 Bxe6 13.dxe6 c6 14.b5 d5 15.bxc6 bxc6 16.cxd5
cxd5 17.Ba3 e4 18.Rb7 Re8 19.Nb5 Rb8 20.Rxb8 Qxb8 21.Nd4 Qc7 22.Qa4 Qb6 23.Rc1
Rc8 24.Rxc8+ Nxc8 25.e7 Nd6 26.Bxd6 {#r} 1-0

[Event "Ch ESSNA (w)"]
[Site "masterchessopen.com - Athens (Greece)"]
[Round "2"]
[White "Makka Ioulia (GRE)"]
[Black "Imenaiou P"]
[Result "1-0"]
[WhiteElo "2126"]
[BlackElo "1630"]

1.c4 f5 2.Nc3 Nf6 3.Nf3 g6 4.g3 Bg7 5.Bg2 d6 6.O-O O-O 7.d4 Nc6 8.Be3 Ng4
9.Bc1 h6 10.a3 Bd7 11.h3 Nf6 12.Qc2 e5 13.dxe5 dxe5 14.Rd1 e4 15.Nd4 Nxd4
16.Rxd4 Qe7 17.Rd1 Bc6 18.Be3 Rad8 19.b4 Qf7 20.Na2 Nh5 21.Rab1 b6 22.Bd2 f4
23.g4 f3 24.exf3 exf3 25.Bf1 Ng3 26.Be3 Be4 27.Bd3 Ne2+ 28.Kf1 Qd7 29.Bxe4
Qxd1+ 30.Rxd1 {#r} 1-0

[Event "It (open) (active)"]
[Site "masterchessopen.com - Auckland (New Zealand)"]
[Round "2"]
[White "Green Peter (NZL)"]
[Black "Reilly Tim (AUS)"]
[Result "1-0"]
[WhiteElo "2245"]
[BlackElo "2330"]

1.d4 d6 2.Nf3 g6 3.c4 f5 4.g3 Nf6 5.Bg2 Bg7 6.O-O O-O 7.Nc3 Nc6 8.d5 Na5 9.Qd3
c5 10.Bg5 a6 11.Rad1 Bd7 12.b3 Rb8 13.e4 fxe4 14.Nxe4 b5 15.Rfe1 bxc4 16.bxc4
Rb4 17.Rc1 Bf5 18.Nh4 Bxe4 19.Bxe4 Ng4 20.Bxg6 hxg6 21.Bxe7 Nxf2 22.Qxg6 Nh3+
23.Kh1 Nf2+ 24.Kg2 {#r} 1-0

[Event "Staatsliga (3rd) 1997/98"]
[Site "masterchessopen.com - Austria"]
[Round "1"]
[White "Blocher Edgar (AUT)"]
[Black "Klausner Siegfried (GER)"]
[Result "0-1"]
[WhiteElo "1922"]
[BlackElo "2090"]

1.c4 f5 2.Nc3 Nf6 3.g3 g6 4.Bg2 Bg7 5.Nf3 O-O 6.O-O d6 7.d4 Nc6 8.Bf4 Ng4
9.Qd2 Re8 10.Ng5 h6 11.Nf3 e5 12.d5 Na5 13.h3 Nxc4 14.Qc1 exf4 15.hxg4 fxg3
16.fxg3 Ne3 17.Nb5 Nxf1 18.Nxc7 Nxg3 19.Kf2 Ne4+ 20.Kf1 fxg4 {#R} 0-1

[Event "Staatsliga 1996/97"]
[Site "masterchessopen.com - Austria"]
[Round "7"]
[White "Beck Hartmuth (AUT)"]
[Black "Schroll Gerhard (AUT)"]
[Result "0-1"]
[WhiteElo "2225"]
[BlackElo "2405"]

1.d4 f5 2.g3 Nf6 3.Bg2 g6 4.Nf3 Bg7 5.O-O O-O 6.c4 d6 7.Nc3 Nc6 8.d5 Ne5
9.Nxe5 dxe5 10.e4 f4 11.b4 g5 12.Bb2 g4 13.Re1 f3 14.Bf1 h5 15.c5 h4 16.Qd2
Bd7 17.Bc4 Kh8 18.Qg5 hxg3 19.hxg3 Nh7 20.Qh5 Qc8 21.Nd1 Be8 22.Qh4 Bf6 23.Qh6
Rg8 24.Ne3 Rg6 25.Qh2 Rg5 26.Kf1 Rh5 27.Qg1 Ng5 28.Nf5 Nxe4 29.Rxe4 Qxf5
30.Rae1 Qh7 31.Rxe5 Rh1 {#R} 0-1

[Event "It \"]
[Site "masterchessopen.com - Bermuda"]
[Round "0"]
[White "Donaldson John W (USA)"]
[Black "Faulks Nick (BER)"]
[Result "1-0"]
[WhiteElo "2430"]
[BlackElo "2075"]

1.Nf3 f5 2.g3 Nf6 3.Bg2 g6 4.O-O Bg7 5.d4 O-O 6.c4 d6 7.Nc3 Nc6 8.d5 Ne5
9.Nxe5 dxe5 10.Qb3 h6 11.Rd1 Kh8 12.c5 g5 13.Bd2 Ne8 14.Rac1 e6 15.Be1 Qe7
16.d6 Qf7 17.d7 Bxd7 18.Qxb7 Nf6 19.c6 Rfb8 20.Qxc7 Rc8 21.Qb7 Rcb8 22.Rxd7
Qe8 23.Qc7 {#r} 1-0

[Event "It \"]
[Site "masterchessopen.com - Bermuda"]
[Round "0"]
[White "Ippolito Dean (USA)"]
[Black "Faulks Nick (BER)"]
[Result "1-0"]
[WhiteElo "2390"]
[BlackElo "2075"]

1.d4 f5 2.Nf3 Nf6 3.g3 g6 4.Bg2 Bg7 5.O-O O-O 6.c4 d6 7.Nc3 Nc6 8.d5 Ne5
9.Nxe5 dxe5 10.Qb3 h6 11.c5 Kh8 12.Rd1 g5 13.Bd2 a6 14.Rac1 Qe8 15.Na4 Qh5
16.Ba5 f4 17.Bxc7 Ng4 18.h3 fxg3 19.fxg3 Nf2 20.g4 Qh4 21.Rf1 e4 22.Qg3 Bd4
23.e3 Qxg3 24.Bxg3 Nxh3+ 25.Bxh3 Bxe3+ 26.Kh2 Bd7 27.Nb6 Bxc1 28.Rxc1 {#r} 1-0

[Event "Memorial Elekes (b)"]
[Site "masterchessopen.com - Budapest (Hungary)"]
[Round "3"]
[White "Somogyi Istvan (HUN)"]
[Black "Galyas Miklos (HUN)"]
[Result "1-0"]
[WhiteElo "2265"]
[BlackElo "2330"]

1.d4 f5 2.Nf3 Nf6 3.g3 g6 4.Bg2 Bg7 5.c4 O-O 6.Nc3 d6 7.O-O Nc6 8.b3 e5 9.dxe5
dxe5 10.Ba3 e4 11.Bxf8 Qxf8 12.Nd4 Nxd4 13.Qxd4 Be6 14.Qd2 Rd8 15.Qc2 e3
16.Rad1 exf2+ 17.Kh1 Ng4 18.Rxd8 Qxd8 19.Nd1 Bd4 20.Qd2 Qf6 21.h3 f4 22.Qxf4
Qxf4 23.gxf4 Ne3 24.Nxe3 Bxe3 25.Bd5 Bxd5+ 26.cxd5 {#r} 1-0

[Event "It (open) (a)"]
[Site "masterchessopen.com - Cannes (France)"]
[Round "3"]
[White "Vasovski Nikola (MKD)"]
[Black "Santo-Roman Marc (FRA)"]
[Result "0-1"]
[WhiteElo "2355"]
[BlackElo "2385"]

1.d4 f5 2.g3 Nf6 3.c4 g6 4.Bg2 Bg7 5.Nc3 O-O 6.Nf3 d6 7.O-O Nc6 8.d5 Ne5
9.Nxe5 dxe5 10.e4 f4 11.gxf4 exf4 12.e5 Ng4 13.e6 Ne5 14.Qb3 b6 15.Rd1 Ba6
16.Bf1 Nf3+ 17.Kh1 Nd4 18.Qa4 Bb7 19.Qd7 Qxd7 20.exd7 Rad8 21.Bh3 Ba6 22.b3
Nf5 23.Rd3 Rxd7 24.Bxf4 b5 25.cxb5 Bxb5 26.Nxb5 Bxa1 27.Nxc7 e5 28.dxe6 Rxd3
29.Bxf5 Rxf5 30.e7 Rd1+ 31.Kg2 Re1 32.Be3 Rxe3 {#R} 0-1

[Event "It (open)"]
[Site "masterchessopen.com - Chicago (USA)"]
[Round "6"]
[White "Salomon Eugene J (USA)"]
[Black "Brasket Curt J (USA)"]
[Result "0-1"]
[WhiteElo "2210"]
[BlackElo "2230"]

1.d4 g6 2.Nf3 Bg7 3.g3 d6 4.Bg2 f5 5.O-O Nf6 6.c4 O-O 7.Nc3 Nc6 8.Bg5 Ne4
9.Be3 Nxc3 10.bxc3 e5 11.Ne1 Qf6 12.Bxc6 bxc6 13.f4 exf4 14.gxf4 Qe6 15.Ng2
Qxc4 16.Qb3 Be6 17.Rab1 Rfe8 18.Qxc4 Bxc4 19.Rb2 Re7 20.Re1 Rae8 21.Kf2 c5
22.Rc2 Bd5 23.Rg1 Bxg2 {#R} 0-1

[Event "It (open)"]
[Site "masterchessopen.com - Erlangen (Germany)"]
[Round "5"]
[White "Schmidt Hans Christoph"]
[Black "Schaefer Heiko (GER)"]
[Result "1-0"]
[WhiteElo "1880"]
[BlackElo "2083"]

1.d4 f5 2.c4 Nf6 3.g3 g6 4.Bg2 Bg7 5.Nf3 O-O 6.Nc3 d6 7.O-O Nc6 8.b3 Ne4 9.Bb2
e5 10.dxe5 Nxc3 11.Bxc3 dxe5 12.Qd5+ Qxd5 13.cxd5 Nd4 14.Bxd4 exd4 15.Rad1 c5
16.dxc6 bxc6 17.Nxd4 Ba6 18.Rfe1 Rae8 19.Bxc6 Bxd4 20.Rxd4 Rxe2 {#r} 1-0

[Event "It (open) (a)"]
[Site "masterchessopen.com - Frydek-Mistek (Czech Republic)"]
[Round "3"]
[White "Matlak Marek (POL)"]
[Black "Miton Kamil (POL)"]
[Result "1-0"]
[WhiteElo "2445"]
[BlackElo "2350"]

1.d4 f5 2.g3 g6 3.Bg2 Bg7 4.Nf3 Nf6 5.O-O O-O 6.c4 d6 7.Nc3 Nc6 8.d5 Ne5
9.Nxe5 dxe5 10.c5 e4 11.Qb3 Kh8 12.Rd1 h6 13.Bf4 Ng4 14.Nb5 Ne5 15.Nd4 Qe8
16.Nb5 Qd8 17.Rac1 g5 18.Be3 a6 19.Na3 Qe8 20.Bd4 Rb8 21.Qc3 {#r} 1-0

[Event "Bayern Oberliga"]
[Site "masterchessopen.com - Germany"]
[Round "6"]
[White "Lichtenstern Christoph (GER)"]
[Black "Dengler Peter (GER)"]
[Result "0-1"]
[WhiteElo "2212"]
[BlackElo "2234"]

1.Nf3 g6 2.d4 f5 3.g3 Bg7 4.Bg2 Nf6 5.O-O O-O 6.c4 d6 7.Nc3 Nc6 8.Nd5 Ne4
9.Rb1 e6 10.Nf4 Qe8 11.e3 g5 12.Nxe6 Bxe6 13.d5 Bf7 14.dxc6 bxc6 15.Qc2 Bg6
16.Nd2 Nxd2 17.Qxd2 f4 18.Ra1 f3 19.Bh3 Bf5 20.Bxf5 Rxf5 21.Qd3 Rf6 22.h3 Qe6
23.g4 Rh6 24.Qf5 Qxf5 25.gxf5 Rxh3 26.e4 Be5 27.Rd1 Rf8 28.Rb1 Rf6 29.Bxg5
Bh2+ {#R} 0-1

[Event "Bayern Regionalliga Northeast"]
[Site "masterchessopen.com - Germany"]
[Round "3"]
[White "Muehlbauer Franz"]
[Black "Kotissek Philipp"]
[Result "0-1"]
[WhiteElo "2065"]
[BlackElo "2110"]

1.c4 f5 2.Nf3 Nf6 3.g3 g6 4.Nc3 Bg7 5.Bg2 O-O 6.O-O d6 7.d4 Nc6 8.d5 Ne5
9.Nxe5 dxe5 10.Qb3 h6 11.Be3 Kh8 12.Rad1 a6 13.h3 g5 14.f4 Nh5 15.fxg5 Nxg3
16.gxh6 Bf6 17.Rf2 Qe8 18.Bc1 Rg8 19.c5 Bh4 20.d6 exd6 21.cxd6 Ne4 22.Nxe4
fxe4 23.dxc7 Qg6 24.Qe3 Bxf2+ 25.Qxf2 Bxh3 26.Rd8 Raxd8 27.cxd8=Q Rxd8 28.Kh2
Bxg2 29.Qxg2 Qh5+ {#R} 0-1

[Event "Ch Hungary (team) (3 liga)"]
[Site "masterchessopen.com - Hungary"]
[Round "0"]
[White "Bauer Peter (HUN)"]
[Black "Karacsony Attila (HUN)"]
[Result "0-1"]
[WhiteElo "1949"]
[BlackElo "2215"]

1.c4 f5 2.Nc3 Nf6 3.Nf3 g6 4.d4 Bg7 5.g3 O-O 6.Bg2 d6 7.O-O Nc6 8.d5 Ne5 9.b3
Ne4 10.Nxe5 Nxc3 11.Qc2 Bxe5 12.Bh6 Rf7 13.Rac1 b5 14.f3 bxc4 15.bxc4 Bd7
16.Bd2 Nxe2+ {#R} 0-1

[Event "Ch Hungary (team) 1997/98 (2 liga)"]
[Site "masterchessopen.com - Hungary"]
[Round "0"]
[White "Kulcsar Gabor (HUN)"]
[Black "Hajdu Istvan (HUN)"]
[Result "0-1"]
[WhiteElo "2094"]
[BlackElo "1944"]

1.d4 f5 2.c4 Nf6 3.g3 d6 4.Bg2 g6 5.Nf3 Bg7 6.O-O O-O 7.Nc3 Nc6 8.d5 Ne5
9.Nxe5 dxe5 10.e4 f4 11.b4 g5 12.Re1 a6 13.Bb2 Qe8 14.Rc1 Ng4 15.f3 Ne3
16.Rxe3 fxe3 17.g4 h5 18.h3 Qg6 19.Qe2 hxg4 20.hxg4 Bxg4 21.Qxe3 Bh5 22.Rf1 g4
23.fxg4 Rxf1+ 24.Kxf1 Qxg4 25.Bh3 Rf8+ 26.Ke1 Qh4+ 27.Kd2 Rf2+ 28.Kc1 Bg4
29.Qxf2 Qxf2 30.Bxg4 Qf4+ {#R} 0-1

[Event "Ch World Cities"]
[Site "masterchessopen.com - Jakarta (Indonesia)"]
[Round "3"]
[White "Tisdall Jonathan D (NOR)"]
[Black "Reilly Tim (AUS)"]
[Result "1-0"]
[WhiteElo "2480"]
[BlackElo "2330"]

1.Nf3 g6 2.d4 d6 3.c4 f5 4.Nc3 Nf6 5.g3 Bg7 6.Bg2 O-O 7.O-O Nc6 8.d5 Na5 9.Qa4
c5 10.dxc6 Nxc6 11.Rd1 Bd7 12.c5 dxc5 13.Qc4+ Kh8 14.Qxc5 Rc8 15.Qa3 e5 16.Be3
Qe7 17.Nb5 Ne4 18.Ng5 Nd4 19.Nxd4 exd4 20.Nxe4 dxe3 21.Nd6 exf2+ 22.Kxf2 {#r}
1-0

[Event "It (a)"]
[Site "masterchessopen.com - Koszeg (Hungary)"]
[Round "1"]
[White "Lukacs Peter (HUN)"]
[Black "Schroll Gerhard (AUT)"]
[Result "0-1"]
[WhiteElo "2520"]
[BlackElo "2405"]

1.d4 f5 2.g3 Nf6 3.Bg2 g6 4.c4 Bg7 5.Nc3 O-O 6.Nf3 d6 7.O-O Nc6 8.d5 Ne5
9.Nxe5 dxe5 10.Qb3 h6 11.c5 Kh8 12.Rd1 g5 13.Bd2 e4 14.Be1 Ng4 15.Nb5 a6
16.Nd4 Qe8 17.f3 Ne5 18.f4 Ng4 19.e3 c6 20.Ne6 Bxe6 21.dxe6 Qh5 22.h3 Nf6
23.Bc3 gxf4 24.exf4 Qg6 25.Kh2 Rg8 26.Be1 Nd5 27.Rxd5 cxd5 28.Qxd5 Rad8
29.Qxb7 Rd3 30.g4 fxg4 31.hxg4 Qxg4 32.Qxe4 Bd4 {#R} 0-1

[Event "Ch Croatia (team) (2nd league)"]
[Site "masterchessopen.com - Medulin (Croatia)"]
[Round "0"]
[White "Lisenko Alexander V (RUS)"]
[Black "Zelic Mladen (CRO)"]
[Result "1-0"]
[WhiteElo "2375"]
[BlackElo "2360"]

1.Nf3 f5 2.c4 Nf6 3.g3 g6 4.Bg2 Bg7 5.O-O O-O 6.d4 d6 7.Nc3 Nc6 8.d5 Ne5
9.Nxe5 dxe5 10.c5 Nd7 11.c6 Nb6 12.Qb3 bxc6 13.dxc6+ e6 14.a4 a5 15.Be3 e4
16.f3 exf3 17.Bxf3 Qe7 18.Nb5 Nd5 19.Bxd5 exd5 20.Qxd5+ Be6 21.Qc5 Qf7 22.Bd4
Rfd8 23.Bxg7 Qxg7 24.Rad1 Bb3 25.Rd4 Qf7 26.Rff4 Rac8 27.Qc3 Bd5 28.Qd2 Qe6
{#r} 1-0

[Event "Tournament"]
[Site "masterchessopen.com - Prokopjevsk (Russia)"]
[Round "0"]
[White "Lopushnoy Denis (RUS)"]
[Black "Karpov Alexander (UZB)"]
[Result "1-0"]
[WhiteElo "2385"]
[BlackElo "2425"]

1.Nf3 f5 2.g3 Nf6 3.Bg2 g6 4.O-O Bg7 5.d4 d6 6.c4 O-O 7.Nc3 Nc6 8.d5 Na5 9.Qa4
c5 10.dxc6 bxc6 11.c5 d5 12.Ne5 Bd7 13.Nxd5 Nxd5 14.Nxd7 Qxd7 15.Qxa5 Rab8
16.Bxd5+ cxd5 17.Rb1 e5 18.b4 Rb5 19.Qa6 Rfb8 20.Bd2 Rc8 21.Rfc1 Rbb8 22.b5 f4
23.b6 Rf8 24.bxa7 Ra8 25.c6 Qf5 26.Be1 e4 27.Rb8 fxg3 28.hxg3 Bd4 29.Rxa8
Bxf2+ {#r} 1-0

[Event "It (open)"]
[Site "masterchessopen.com - Schwerin (Germany)"]
[Round "0"]
[White "Safin Shukhrat (UZB)"]
[Black "Danielsen Henrik (ISL)"]
[Result "0-1"]
[WhiteElo "2510"]
[BlackElo "2500"]

1.d4 f5 2.g3 g6 3.Bg2 Bg7 4.Nf3 Nf6 5.O-O O-O 6.c4 d6 7.Nc3 Nc6 8.d5 Ne5
9.Nxe5 dxe5 10.e4 f4 11.gxf4 exf4 12.e5 Ng4 13.e6 Ne5 14.Re1 Nxc4 15.Qa4 Nd6
16.Bxf4 b5 17.Nxb5 Nxb5 18.Qxb5 Rxf4 19.d6 Qxd6 20.Bxa8 Bd4 21.Kh1 Rxf2 22.Bg2
Ba6 23.Qd7 Bb7 24.Rg1 Bc5 25.b4 Bxb4 26.Rab1 Be4 27.Rbd1 Qe5 28.Rd4 Bd6
29.Rxd6 Bxg2+ 30.Rxg2 Qe1+ {#R} 0-1

[Event "Ch Slovakia (team) 1997/98 (1 liga) West"]
[Site "masterchessopen.com - Slovakia"]
[Round "1"]
[White "Szucs Vladimir (SVK)"]
[Black "Kolcak Marek (SVK)"]
[Result "1-0"]
[WhiteElo "2152"]
[BlackElo "2145"]

1.d4 f5 2.Nf3 Nf6 3.g3 g6 4.Bg2 Bg7 5.O-O O-O 6.c4 d6 7.Nc3 Nc6 8.d5 Na5 9.Qa4
c5 10.dxc6 bxc6 11.c5 dxc5 12.Ne5 Bb7 13.Nc4 Nxc4 14.Qxc4+ Kh8 15.Qxc5 Nd7
16.Qc4 Nb6 17.Qb3 Qc7 18.e4 c5 19.Rd1 e5 20.Nb5 Qe7 21.Nxa7 Qf6 22.Nb5 c4
23.Qc2 fxe4 24.Rd6 Qf7 25.Rxb6 Rad8 26.Be3 Ba8 27.Bxe4 Bxe4 28.Qxe4 Qd5
29.Qxd5 Rxd5 30.Nc3 Rd3 31.Rc6 {#r} 1-0

[Event "It (cat.9)"]
[Site "masterchessopen.com - Sochi (Russia)"]
[Round "0"]
[White "Koniushkov Igor (RUS)"]
[Black "Annakov Babakuli (USA)"]
[Result "1-0"]
[WhiteElo "2425"]
[BlackElo "2380"]

1.d4 f5 2.g3 Nf6 3.Bg2 g6 4.Nf3 Bg7 5.O-O O-O 6.c4 d6 7.Nc3 Nc6 8.d5 Na5 9.Qa4
c5 10.dxc6 bxc6 11.c5 dxc5 12.Ne5 Qb6 13.Rd1 Be6 14.Be3 Nd5 15.Nxd5 cxd5
16.Rxd5 Qxb2 17.Rc1 Bxe5 18.Rdxc5 Nb3 19.axb3 Bxb3 20.Qa5 Bd6 21.Bxa8 Bxc5
22.Qxc5 Rxa8 23.Qxe7 Qg7 24.Qb4 Qf7 25.Bd4 a5 26.Qb6 Be6 27.Rc7 Bd7 28.Qd6 Rd8
{#r} 1-0

[Event "It (open)"]
[Site "masterchessopen.com - St. Cugat (Spain)"]
[Round "9"]
[White "Santos Izquierdo Daniel (ESP)"]
[Black "Mellado Trivino Juan (AND)"]
[Result "0-1"]
[WhiteElo "2206"]
[BlackElo "2430"]

1.d4 f5 2.Nf3 Nf6 3.g3 g6 4.Bg2 Bg7 5.O-O O-O 6.c4 d6 7.Nc3 Nc6 8.d5 Na5 9.Qd3
c5 10.Nd2 e5 11.e3 a6 12.Re1 e4 13.Qc2 b5 14.cxb5 axb5 15.Nxb5 Nxd5 16.Nxe4
Nb4 17.Qd1 fxe4 18.Bxe4 d5 19.Bb1 Qd7 20.a3 Qxb5 21.axb4 cxb4 22.Qa4 Bd7 {#R}
0-1

[Event "Memorial M.Chigorin"]
[Site "masterchessopen.com - St. Petersburg (Russia)"]
[Round "2"]
[White "Karpeshov Oleg (RUS)"]
[Black "Lastin Alexander (RUS)"]
[Result "1-0"]
[WhiteElo "2430"]
[BlackElo "2550"]

1.d4 f5 2.g3 Nf6 3.Bg2 g6 4.c4 Bg7 5.Nc3 O-O 6.Nf3 d6 7.O-O Nc6 8.d5 Na5 9.Qd3
e5 10.dxe6 Bxe6 11.b3 Nc6 12.Rb1 h6 13.Bb2 a5 14.Rfd1 Kh7 15.a3 Nd7 16.Qc2 f4
17.Nh4 Nde5 18.Nd5 fxg3 19.hxg3 Bf7 20.Be4 Qd7 21.Kg2 Rae8 22.Nf4 Qg4 23.Rh1
a4 24.bxa4 Kg8 25.Nf3 Nxc4 26.Rh4 Qd7 27.Bxg7 Kxg7 28.Bxg6 {#r} 1-0

[Event "Ch Europe (juniors) (under 12)"]
[Site "masterchessopen.com - Tallinn (Estonia)"]
[Round "7"]
[White "Plasgura Petr (CZE)"]
[Black "Bartel Mateusz (POL)"]
[Result "0-1"]
[WhiteElo "2193"]
[BlackElo "2140"]

1.c4 f5 2.d4 Nf6 3.Nc3 g6 4.g3 Bg7 5.Bg2 O-O 6.Nf3 d6 7.O-O Nc6 8.b3 e5 9.e3
e4 10.Ne1 Qe7 11.Bb2 g5 12.Nc2 a6 13.b4 Qf7 14.Qe2 Bd7 15.a4 Rae8 16.b5 Na5
17.Na3 Qg6 {#R} 0-1

[Event "Ch Europe (juniors) (under 14)"]
[Site "masterchessopen.com - Tallinn (Estonia)"]
[Round "6"]
[White "Jianu Vlad-Cristian (ROM)"]
[Black "Miton Kamil (POL)"]
[Result "0-1"]
[WhiteElo "2155"]
[BlackElo "2350"]

1.d4 f5 2.c4 Nf6 3.Nc3 g6 4.g3 Bg7 5.Bg2 O-O 6.Nf3 d6 7.O-O Nc6 8.d5 Na5 9.Qd3
e5 10.Nd2 c5 11.a3 e4 12.Qc2 b5 13.Nxb5 a6 14.Nc3 e3 15.fxe3 Ng4 16.Nd1 Qe7
17.Nf3 Rb8 {#R} 0-1

[Event "It (open)"]
[Site "masterchessopen.com - Verona (Italy)"]
[Round "1"]
[White "Bolico Exfelicos (PHI)"]
[Black "Guido Flavio (ITA)"]
[Result "0-1"]
[WhiteElo "2151"]
[BlackElo "2335"]

1.d4 f5 2.Nf3 Nf6 3.c4 g6 4.Nc3 Bg7 5.g3 O-O 6.Bg2 d6 7.O-O Nc6 8.d5 Na5 9.Nd2
c5 10.e4 f4 11.Ne2 fxg3 12.hxg3 Ng4 13.Qc2 g5 14.Nb3 Nxb3 15.axb3 h6 16.f3 Ne5
17.f4 Ng4 18.fxg5 Rxf1+ 19.Bxf1 Qf8 20.Nf4 hxg5 21.Nh3 Bd4+ 22.Kg2 Qh6 23.Bxg5
Qxh3+ 24.Kxh3 Ne3+ 25.Kh2 Nxc2 26.Rc1 Be3 {#R} 0-1

[Event "Ch City"]
[Site "masterchessopen.com - Warsaw (Poland)"]
[Round "9"]
[White "Kaczorowska Barbara (POL)"]
[Black "Krolikowski Ryszard (POL)"]
[Result "1-0"]
[WhiteElo "2160"]
[BlackElo "2135"]

1.d4 f5 2.g3 Nf6 3.Bg2 g6 4.c4 Bg7 5.Nc3 d6 6.Nf3 O-O 7.O-O Nc6 8.d5 Ne5
9.Nxe5 dxe5 10.e4 f4 11.Bd2 g5 12.Re1 Qe8 13.Nb5 Ng4 14.Nxc7 Qh5 15.h3 fxg3
16.fxg3 Rf2 17.Ne6 Bxe6 18.dxe6 Raf8 19.hxg4 Qg6 20.Re2 Rxe2 21.Qxe2 {#r} 1-0

[Event "Ch City"]
[Site "masterchessopen.com - Warsaw (Poland)"]
[Round "5"]
[White "Michniewski Tomasz (POL)"]
[Black "Kadziolka Andrzej (POL)"]
[Result "1-0"]
[WhiteElo "2173"]
[BlackElo "2098"]

1.d4 f5 2.c4 Nf6 3.Nf3 g6 4.g3 Bg7 5.Bg2 O-O 6.O-O d6 7.Nc3 Nc6 8.d5 Ne5
9.Nxe5 dxe5 10.e4 f4 11.b4 g5 12.Bb2 a6 13.c5 Kh8 14.Re1 Qe8 15.a4 Bg4 16.f3
Bd7 17.g4 Rd8 18.h3 h5 19.Nb1 Nh7 20.Nd2 e6 21.Nc4 exd5 22.exd5 Be6 23.Bxe5
Rxd5 24.Bxg7+ Kxg7 25.Qe2 Rf6 26.Nd2 Rd4 27.Ne4 Rf7 28.Qb2 Rd7 29.Rad1 Qd8
30.Nd6 Rxd6 31.cxd6 Qxd6 32.Rxd4 {#r} 1-0

[Event "It (open) \"]
[Site "masterchessopen.com - Zaragoza (Spain)"]
[Round "2"]
[White "Komljenovic Davor (CRO)"]
[Black "Antonano Avelino (ESP)"]
[Result "1-0"]
[WhiteElo "2445"]
[BlackElo "2153"]

1.c4 f5 2.d4 Nf6 3.Nf3 g6 4.Nc3 Bg7 5.g3 O-O 6.Bg2 d6 7.O-O Nc6 8.d5 Ne5
9.Nxe5 dxe5 10.Qb3 Kh8 11.Bd2 Nh5 12.Rad1 a6 13.Na4 Rb8 14.Nc5 b6 15.Bc3 Qd6
16.Nd3 Bd7 17.e4 f4 18.Qc2 a5 19.b3 g5 20.Rfe1 f3 21.Bf1 Nf4 22.gxf4 gxf4
23.Kh1 Rg8 24.Qb2 Qh6 25.Nxe5 Be8 26.Nxf3 Bf6 27.Be2 {#r} 1-0

[Event "It (open) \"]
[Site "masterchessopen.com - Budapest (Hungary)"]
[Round "6"]
[White "Gerencer Jozef (SLO)"]
[Black "Galyas Miklos (HUN)"]
[Result "0-1"]
[WhiteElo "2145"]
[BlackElo "2330"]

1.d4 f5 2.Nf3 Nf6 3.g3 g6 4.Bg2 Bg7 5.O-O O-O 6.c4 d6 7.Nc3 Nc6 8.b3 e5 9.dxe5
dxe5 10.Ba3 e4 11.Bxf8 Qxf8 12.Ng5 h6 13.Nh3 Be6 14.e3 g5 15.Qc2 Qf7 16.Qe2
Ne5 17.Rad1 c6 18.Kh1 Nf3 19.Nb1 Qh5 20.Rd6 Re8 21.Qd1 Ng4 22.Nd2 Ngxh2
23.Bxf3 Nxf3 24.Kg2 g4 25.Rh1 gxh3+ 26.Rxh3 Nh4+ {#R} 0-1